| 000 | 00478nam a22001937a 4500 | ||
|---|---|---|---|
| 003 | NUST - PNEC | ||
| 005 | 20170116181145.0 | ||
| 008 | 150915b xxu||||| |||| 00| 0 eng d | ||
| 020 | _a0023355301 | ||
| 020 | _a0029789109 | ||
| 040 | _cLIBRARY | ||
| 082 | _a536.7 FAI | ||
| 100 |
_910711 _aFaires, Virgil Moring, |
||
| 245 |
_aThermodynamics. _c Virgil Moring,Faires |
||
| 250 | _a6th ed | ||
| 260 | _bc.1978 | ||
| 650 |
_910715 _aThermodynamics _xME |
||
| 942 |
_2ddc _cBK |
||
| 999 |
_c70677 _d70677 |
||